Statistics for Countries Inside Countries

Click here to take the quiz!

General Stats

  • This quiz has been taken 274 times
    (185 since last reset)
  • The average score is 9 of 11

Answer Stats

CountryInside...% Correct
DominicaDominican Republic
91%
GuineaGuinea-Bissau
90%
SudanSouth Sudan
89%
NigerNigeria
88%
Republic of the CongoDem. Rep. Congo
86%
Republic of _____ (Taiwan)People's Republic China
84%
GuineaEquatorial Guinea
81%
GuineaPapua New Guinea
81%
MaliSomalia
61%
OmanRomania
55%
U.K.Ukraine
54%

Score Distribution

Percentile by Number Answered

Percent of People with Each Score

Your Score History

You have not taken this quiz since the last reset